000 00641nam a22002057a 4500
005 20251108164735.0
008 250721s2009 xx 000 0 ara d
082 1 4 _a153.2/عبد
100 1 _aعبد الحميد، شاكر
_eمؤلف
245 1 0 _aالخيال من الكهف إلى الواقع الإفتراضي /
264 1 _aالصفاة :
_bالمجلس الوطني للثقافة و الفنون،
_c2009.
300 _a519 ص.
490 0 _aعالم المعرفة
650 1 7 _aالخيال
650 1 7 _aالتخيل
650 1 7 _aالاطفال
650 1 7 _aعلم النفس
942 _2ddc
_cBK
999 _c13199
_d13199